Wird geladen...

The importance of tone,tune and text in Indian music/

Bibliographische Detailangaben
1. Verfasser: Bhattacharya, Debashree
Format: Printed Book
Sprache:English
Veröffentlicht: New Delhi : Sanjay Prakashan, c2007.
Schlagworte:
LEADER 00588 a2200169 4500
008 150103s9999 000 0 eng
020 |a 817453282X 
082 |a 781.2  
100 |a Bhattacharya, Debashree 
245 0 0 |a The importance of tone,tune and text in Indian music/ 
260 |a New Delhi :  |b Sanjay Prakashan,  |c c2007. 
300 |a 236 p.; 
650 0 |a Indian Music 
650 0 |a Music Scale 
942 |c BK 
999 |c 306087  |d 306087 
952 |0 0  |1 0  |2 ddc  |4 0  |6 781_200000000000000_BHA_IM  |7 0  |9 351101  |a DRA  |b DRA  |c ST1  |d 2012-03-17  |i 7976  |l 0  |o 781.2 BHA/IM  |p DRA7976  |r 2012-03-17  |v 500.00  |w 2012-03-17  |y BK